| 000 | 00760cam a22002411 4500 | ||
|---|---|---|---|
| 001 | sa 68014361 | ||
| 003 | DLC | ||
| 005 | 20260227112630.0 | ||
| 008 | 800214s1968 io b 00000 ind | ||
| 010 | _asa 68014361 //r852 | ||
| 025 | _aPL480:Indo-8118 | ||
| 043 | _aa-io--- | ||
| 050 | 0 |
_aHC448.S78 _bY37 |
|
| 082 | _a330.9/598/4 | ||
| 100 | 1 | 0 | _aYasni, Zainul. |
| 245 | 1 | 0 |
_aEkonomi swadaja, membangun daerah untuk kemakmuran bangsa; _bdengan case study Sulawesi Selatan. |
| 260 | 0 |
_aDjakarta, _b"Bulan Bintang" _c[1968] |
|
| 300 |
_a185 p. _c21 cm. |
||
| 502 | _aDissertasi--Universitas Hasanuddin. | ||
| 504 | _aBibliography: p. 183-185. | ||
| 500 | _a"Dalil-dalil": 6 p. inserted. | ||
| 651 | 0 |
_aSulawesi Selatan (Indonesia) _xEconomic conditions. |
|
| 999 |
_c85722 _d85722 |
||